|
|
|
|
| LEADER |
00856nta a2200205 i 4500 |
| 001 |
dipl120671 |
| 005 |
20220107094505.0 |
| 008 |
211209s2009 hu om 0|| zxx d |
| 040 |
|
|
|a SZTE Diploma Repozitórium
|b hun
|
| 041 |
|
|
|a zxx
|
| 100 |
1 |
|
|a Kovács Éva
|
| 245 |
1 |
2 |
|a A táplálkozás és a testnevelési teljesítmény összefüggése 3. és 4. osztályos korban
|h [elektronikus dokumentum] /
|c Éva Kovács
|
| 246 |
1 |
0 |
|a Correspondence Between Nourishment and Physical Performance Among Children in the Lower Primary Third and Fourth Classes
|h [elektronikus dokumentum]
|
| 260 |
|
|
|c 2009
|
| 650 |
|
4 |
|a Pedagógusképzés
|
| 650 |
|
4 |
|a Nutrition, dietetics
|
| 650 |
|
4 |
|a Social sciences
|
| 650 |
|
4 |
|a Educational sciences
|
| 700 |
1 |
|
|a Schaub Gáborné
|e ths
|
| 856 |
4 |
0 |
|u http://diploma.bibl.u-szeged.hu/id/eprint/120671/1/2009_kovacs_eva.pdf
|z Dokumentum-elérés
|